| 000 | 00378nam a22001457a 4500 | ||
|---|---|---|---|
| 008 | 250220b |||||||| |||| 00| 0 eng d | ||
| 020 | _a13:9781121913974 | ||
| 050 |
_aHD7288 _b.S74 |
||
| 100 | _aSTEVENSON, William | ||
| 245 | _aOperations Management: Theory and Practice | ||
| 250 | _a11th | ||
| 260 |
_aGlasgow _bMacGrow Hill Inc. _c2013 |
||
| 300 | _axxv, 908p. | ||
| 942 | _cBK | ||
| 999 |
_c1988 _d1988 |
||